000 00535nam a2200181Ia 4500
005 20250508163335.0
008 008 250505s9999 xx 000 0 eng d
037 _aReference
040 _aFEDL
_beng
_cFEDL
041 _aeng
_2eng
084 _a371.303, ENC
_qFEDL
100 _aUnwin Derick
245 0 _aEncyclopaedia of educational media communications and technology
260 _aLondon, UK
_bThe Macmillan Press Limited
_c1978
300 _a800p.
942 _cREF
_h371.303, ENC
999 _c1382417
_d1382417